Antennas for all applications (Record no. 4663)
[ view plain ]
| 000 -LEADER | |
|---|---|
| fixed length control field | 00526 a2200181 4500 |
| 020 ## - INTERNATIONAL STANDARD BOOK NUMBER | |
| International Standard Book Number | 007123201X |
| 040 ## - CATALOGING SOURCE | |
| Original cataloging agency | DLC |
| Language of cataloging | DLC |
| 082 ## - DEWEY DECIMAL CLASSIFICATION NUMBER | |
| Classification number | 621.3824 |
| 100 ## - MAIN ENTRY--PERSONAL NAME | |
| Personal name | John Daniel Kraus |
| 245 ## - TITLE STATEMENT | |
| Title | Antennas for all applications |
| Statement of responsibility, etc. | Kraus, John Daniel |
| 250 ## - EDITION STATEMENT | |
| Edition statement | 3 |
| 260 ## - PUBLICATION, DISTRIBUTION, ETC. | |
| Place of publication, distribution, etc. | New Delhi : |
| Name of publisher, distributor, etc. | McGraw-Hill Book Co |
| Date of publication, distribution, etc. | 2002. |
| 300 ## - PHYSICAL DESCRIPTION | |
| Extent | xviii, 938 p. : |
| Other physical details | ill. ; |
| Dimensions | 24 cm. |
| 500 ## - GENERAL NOTE | |
| General note | Includes bibliographical references and index |
| 650 ## - SUBJECT ADDED ENTRY--TOPICAL TERM | |
| Topical term or geographic name entry element | Antennas (Electronics) |
| 700 ## - ADDED ENTRY--PERSONAL NAME | |
| Personal name | Marhefka, Ronald J. |
| 942 ## - ADDED ENTRY ELEMENTS (KOHA) | |
| Koha item type | Book |
| Call number prefix | 621.3824 KRA |
| Source of classification or shelving scheme | |
| Withdrawn status | Lost status | Damaged status | Not for loan | Collection code | Permanent Location | Current Location | Shelving location | Date acquired | Source of acquisition | Cost, normal purchase price | Total Checkouts | Total Renewals | Full call number | Barcode | Date last seen | Date last checked out | Price effective from | Koha item type |
|---|---|---|---|---|---|---|---|---|---|---|---|---|---|---|---|---|---|---|
| Central Library (CL) | Central Library (CL) | General Stacks | 12/04/2003 | Allied Book Company | 1152.58 | 1 | 4 | 621.3824 KRA | SEECS003981 | 09/23/2022 | 01/24/2022 | 01/05/2017 | Book | |||||
| Central Library (CL) | Central Library (CL) | General Stacks | 04/26/2004 | Vanguard Books | 505.75 | 1 | 621.3824 KRA | SEECS004401 | 03/20/2024 | 03/02/2021 | 01/05/2017 | Book | ||||||
| Central Library (CL) | Central Library (CL) | General Stacks | 03/27/2007 | Allied Book Company | 424.36 | 6 | 621.3824 KRA | SEECS008269 | 04/26/2016 | 04/26/2016 | 01/05/2017 | Book |
